Imidž územia
Tvorba imidžu územia je komplexný a zložitý proces, ktorý si vyžaduje pochopenie územia ako produktu, cieľových skupín a prostriedkov komunikácie medzi nimi. Definovanie pojmu imidž územia. Tvorba a prezentácia imidžu územia. Úlohou marketingu je zisťovať aký imidž má územie v očiach verejnosti, kto...
Salvato in:
| Autore principale: | |
|---|---|
| Natura: | Capitolo di libro |
| Lingua: | slovacco |
| Soggetti: | |
| Tags: |
Nessun Tag, puoi essere il primo ad aggiungerne!!
|
MARC
| LEADER | 00000naa$a2200000$$$4500 | ||
|---|---|---|---|
| 001 | 0029204 | ||
| 005 | 20120725111340.9 | ||
| 041 | 0 | |a slo | |
| 044 | |a SK | ||
| 245 | 1 | 0 | |a Imidž územia |c Anna Vaňová |
| 520 | |a Tvorba imidžu územia je komplexný a zložitý proces, ktorý si vyžaduje pochopenie územia ako produktu, cieľových skupín a prostriedkov komunikácie medzi nimi. Definovanie pojmu imidž územia. Tvorba a prezentácia imidžu územia. Úlohou marketingu je zisťovať aký imidž má územie v očiach verejnosti, ktoré charakteristiky územia sú známe, ktoré nie sú a treba ich posilňovať, aby územie získalo požadovaný imidž. K tomu slúži marketingový výskum a analýza. | ||
| 610 | 2 | 0 | |a imidž |
| 610 | 2 | 0 | |a marketing územia |
| 610 | 2 | 0 | |a regióny |
| 610 | 2 | 0 | |a komunikácia marketingová |
| 610 | 2 | 0 | |a výskum |
| 610 | 2 | 0 | |a analýzy |
| 100 | 1 | |a Vaňová, Anna | |